Statistics for Fifa 22 Top 25 Left-Backs

Click here to take the quiz!

General Stats

  • This quiz has been taken 135 times
  • The average score is 18 of 25

Answer Stats

RatingClubNationPlayer% Correct
87LiverpoolScotlandAndrew Robertson
99%
86FC BarcelonaSpainJordi Alba
96%
84Manchester UnitedEnglandLuke Shaw
88%
83Bayern MunichFranceLucas Hernandez
85%
84AC MilanFranceTheo Hernandez
85%
82Bayern MunichCanadaAlphonso Davies
84%
83Real MadridFranceFerland Mendy
82%
84EvertonFranceLucas Digne
82%
83Piemonte CalcioBrazilAlex Sandro
80%
82Manchester UnitedBrazilAlex Telles
77%
84Borussia DortmundPortugalRaphael Guerreiro
77%
82ChelseaEnglandBen Chilwell
75%
84Sevilla FCArgentinaMarcos Acuna
75%
82AjaxArgentinaNicolas Tagliafico
75%
80ArsenalScotlandKieran Tierney
72%
83RB LeipzigSpainAngelino
71%
83Roma FCItalyLeonardo Spinazzola
71%
83Valencia CFSpainJose Gaya
69%
82PSGSpainJuan Bernat
68%
81Atletico MadridBrazilRenan Lodi
65%
81Tottenham HotspurSpainSergio Reguilon
62%
82SL BenficaSpainAlejandro Grimaldo
57%
82Athletic BilbaoSpainYuri Berchiche
37%
80Shakhtar DonetskBrazilIsmaily
29%
80Real SociedadSpainNacho Monreal
24%

Score Distribution

Percentile by Number Answered

Percent of People with Each Score

Your Score History

You have not taken this quiz